000 00790njm a2200277Ia 4500
001 21167
003 IT-RoPAU
005 20220918181136.0
008 131025s9999 xx 000 0 und d
040 _aIT-RoPAU
040 _cIT-RoPAU
999 _c100951
_d100951
999 _bn.d.
100 _aSatie Erik
_95300
100 _eAutore musica
_95301
100 _gCodice autore musica SPICS: 1590
_95302
245 _aTrois melodies
250 _a1a ed.
260 _aROMA
260 _bSPICS RECORDS
_c1983 [1a Ed.:1983]
300 _aMUSICASSETTA
500 _aMusica strumentale
505 _aLa dive de l'Empire - Le chapelier N 3
650 _aSTRUMENTALE [CASSETTE]
_eCodice MATERIA SPICS: 9951
_91218
700 _aSatie Erik
_gCodice interprete SPICS: 1590
_eInterprete
_95303
942 _cMC
_2ddc